000 00731nam a2200217Ia 4500
008 0000001994 gw a 0000000000eng00
020 _a3822805424
090 _aPRU00 D81w
100 1 _aDuchting, Hajo
245 1 0 _aWassily Kandinsky 18661944
_b: a revution in painting
_c/ Hajo Duchting ; translation Ilmar Lehtpere
300 _a95 p.
_c/ 30 cm.
500 _aDonación Sr León Caridi (20080115)
600 0 0 _aKANDINSKY, WASSILY, 18661944/
_xTRABAJOS PICTORICOS
650 1 4 _aARTE MODERNO RUSO
650 1 4 _xCATALOGOS
650 1 4 _xEXPOSICIONES
650 1 4 _aPINTORES RUSOS
650 1 4 _aPINTURA RUSA
700 1 _aLehtpere, Ilmar
999 _c8735
_d8735
260 _aKoln (Alemania) : Benedikt Taschen Verlag GMbH
_c1994